000 00630nam a22001937a 4500
999 _c14915
_d14915
003 AR-CdUCM
008 190425b ||||| |||| 00| 0 spa d
020 _a978-968-16-8433-4
040 _aMUNICIPALIDAD PROVINCIAL DEL CUSCO
_cBIBLIOTECA MUNICIPAL DEL CUSCO
082 _aPI / 808.06 /
_bF88
100 _aFukuda, Ricca
_933888
245 _aLuna estelar /
260 _aMéxico D.F, :
_bFondo de cultura económica,
_c2010.
300 _a44 páginas ;
_bIlustraciones,
_c22 cm.
650 _aLiteratura infantil
_9588
700 _aBarrera Parra, Jaime (traducción)
_933889
942 _2ddc
_cLIBROS
945 _aacv
_d2019-04-25